01129nam a2200277 i 4500001000300000245016000003260006200163300003000225500016400255650002600419650002000445700003600465700003100501020001800532040000800550041000800558044000800566080001000574080001400584920002200598942000700620008004100627999001700668856009800685952006800783bg00aIstroart 2007 :bcopy - paste /cprekl. Viera Levitt ; [kurator wystawy, aranż. wystawy, projekt katalogu Waldemar Idzikowski ; zdj. Katarzyna Wielgosz]. aPoznań :bGaleria Sztuki Współczesnej Profil,c2007. a[12] s. :bfot. ;c26 cm. aKatalog wydany przy udziale finansowym Akademii Sztuk Pięknych w Poznaniu ze środków na działalność statutową Wydziału Architektury i Wzornictwa. 4aSztuka współczesna 4aKatalogi wystaw1 aIdzikowski, Waldemar.eAranż.1 aWielgosz, Katarzyna.bFot. a9788361090007 cBPK apol aPOL a73/77 a(083.824) a978-83-61090-00-7 cKS120324s2007 pl |000 0 pol  c49853d49853 uhttp://koha.tu.koszalin.pl/cgi-bin/koha/opac-detail.pl?biblionumber=49853yKatalog online BPK 00104071aELBUDbELBUDcboS 2079p02200347t7.03(091) HsyKS